Объяснительная записка к Уставу внутренней службы 1909 года (Запись № 10742073)
[ простой вид ]
| 000 -МАРКЕР | |
|---|---|
| контрольное поле | 01821nam0a22003491 4500 |
| 001 - ИДЕНТИФИКАТОР ЗАПИСИ | |
| контрольное поле | RU\NLR\19V\931694 |
| 005 - ИДЕНТИФИКАТОР ВЕРСИИ | |
| контрольное поле | 20260407122003.0 |
| 035 ## - ДРУГИЕ СИСТЕМНЫЕ НОМЕРА | |
| Идентификатор записи | (NLR Aleph) 010350036 |
| 100 ## - ДАННЫЕ ОБЩЕЙ ОБРАБОТКИ | |
| Данные общей обработки | 20100810d1909 |||y0rusy50 ca |
| 101 0# - ЯЗЫК РЕСУРСА | |
| Язык текста, звукозаписи и т.д. | русский |
| 102 ## - СТРАНА ПУБЛИКАЦИИ ИЛИ ПРОИЗВОДСТВА | |
| Страна публикации | Российская Федерация |
| 105 ## - ПОЛЕ КОДИРОВАННЫХ ДАННЫХ: ТЕКСТОВЫЕ МАТЕРИАЛЫ, МОНОГРАФИЧЕСКИЕ | |
| Кодированные данные о монографическом текстовом документе | a z ||||| |
| 200 1# - ЗАГЛАВИЕ И СВЕДЕНИЯ ОБ ОТВЕТСТВЕННОСТИ | |
| Основное заглавие | Объяснительная записка к Уставу внутренней службы 1909 года |
| 210 ## - ПУБЛИКАЦИЯ, РАСПРОСТРАНЕНИЕ И ДР. | |
| Место издания, распространения и т.д. | С.-Петербург |
| Имя издателя, распространителя и т. д. | Военная типография |
| Дата издания, распространения и т.д. | 1909 |
| 215 ## - ФИЗИЧЕСКАЯ ХАРАКТЕРИСТИКА | |
| Специфическое обозначение материала и объем | 72 с. |
| Размеры | 14 |
| 300 ## - ОБЩИЕ ПРИМЕЧАНИЯ | |
| Текст примечания | В конце текста подпись: Председатель Комитета по образованию войск генерал от инфартерии Скугаревский |
| 316 ## - ПРИМЕЧАНИЯ ОБ ОСОБЕННОСТЯХ ЭКЗЕМПЛЯРА | |
| Текст примечания | Экз. РНБ на шифре 38.35.8.61(2) с экслибрисом Библиотеки Николая II: монограмма "Н.А." |
| -- | В конце кн. рукоп. помета: Кн. пост. N°409 28/VIII 1909 г. из Комит. по образ. войск |
| Организация и экземпляр, к которому относится поле | NLR: 38.35.8.61(2) |
| 320 ## - ПРИМЕЧАНИЯ О НАЛИЧИИ В ДОКУМЕНТЕ БИБЛИОГРАФИИ / УКАЗАТЕЛЯ | |
| Текст примечания | Библиогр. в подстроч. примеч. и в тексте |
| 702 #0 - ИМЯ ЛИЦА - ВТОРИЧНАЯ ОТВЕТСТВЕННОСТЬ | |
| Код отношения | Бывший владелец |
| Материалы, к которым относится поле | rus |
| Графика поля | Кириллица |
| Начальный элемент ввода | Николай |
| Дополнения к именам, кроме дат | император российский |
| Римские цифры | II |
| Даты | 1868-1918 |
| Идентификатор авторитетной/нормативной записи | RU\NLR\AUTH\773750 |
| Системный номер авторитетной/нормативной записи | 113742 |
| 702 #1 - ИМЯ ЛИЦА - ВТОРИЧНАЯ ОТВЕТСТВЕННОСТЬ | |
| Код отношения | Подписавшее лицо |
| Материалы, к которым относится поле | rus |
| Графика поля | Кириллица |
| Начальный элемент ввода | Скугаревский |
| Часть имени, кроме начального элемента ввода | А. П. |
| Даты | 1847- |
| Расширение инициалов личного имени | Аркадий Платонович |
| Идентификатор авторитетной/нормативной записи | RU\NLR\AUTH\7790500 |
| Системный номер авторитетной/нормативной записи | 73427 |
| 740 #1 - УСЛОВНОЕ НАИМЕНОВАНИЕ / ЗАГЛАВИЕ ДЛЯ ЗАКОНОДАТЕЛЬНЫХ И РЕЛИГИОЗНЫХ ТЕКСТОВ - ПЕРВИЧНАЯ ОТВЕТСТВЕННОСТЬ | |
| Начальный элемент ввода | Россия |
| Обозначение вида документа | Военные уставы и наставления |
| Идентификатор авторитетной/нормативной записи | RU\NLR\AUTH\889957977 |
| -- | 412039 |
| 801 #0 - ИСТОЧНИК ЗАПИСИ | |
| Страна | Российская Федерация |
| Организация | NLR |
| Дата составления | 20100810 |
| Правила каталогизации | psbo |
| 801 #1 - ИСТОЧНИК ЗАПИСИ | |
| Страна | Российская Федерация |
| Организация | NLR |
| Дата составления | 20100810 |
| Источник данных | rusmarc |
| 801 #2 - ИСТОЧНИК ЗАПИСИ | |
| Страна | Российская Федерация |
| Организация | NLR |
| Дата составления | 20100810 |
| Источник данных | rusmarc |
| 852 ## - МЕСТОНАХОЖДЕНИЕ И ШИФР ХРАНЕНИЯ | |
| Идентификатор организации | NLR |
| Шифр хранения (Call Number) | 38.35.8.61(2) |
| 899 ## - ДАННЫЕ О МЕСТОНАХОЖДЕНИИ (устаревшее) | |
| Местонахождение | RuMoRGB |
| Шифр хранения | Δ 508/89 |
| 899 ## - ДАННЫЕ О МЕСТОНАХОЖДЕНИИ (устаревшее) | |
| Местонахождение | RuMoRGB |
| Шифр хранения | Δ 509/132 |
| 899 ## - ДАННЫЕ О МЕСТОНАХОЖДЕНИИ (устаревшее) | |
| Местонахождение | БАН (зап.) |
| 942 ## - ДОПОЛНИТЕЛЬНЫЕ ЭЛЕМЕНТЫ ЗАПИСИ (АБИС) | |
| Тип экземпляра АБИС | Книга |
| 980 ## - КОЛЛЕКЦИЯ | |
| Название коллекции | Национальная библиография |
Нет доступных экземпляров.